000 00863cad a22001935a 4500
001 L145810
008 081111s2008 xxk f v 000 0 eng d
035 _a(Sirsi) u145810
041 0 _aeng
100 1 _aStaheli, John
245 0 0 _aGreen leases
_breal estate briefing
_h[electronic resource]
260 _a[S.l.]
_bMondaq
_c2008
520 _aConsiders whether the real estate business puts sustainability at the heart of the leasing process. Reviews the nature of a building, what being green means and enforcement. Briefly comments on the potential problems.
590 _aKA
651 4 _aUnited Kingdom
_y
690 _aPROPERTY-COMMERCIAL PROPERTY-LEASEHOLD COMMERCIAL PROPERTY-COMMERCIAL LANDLORD AND TENANT-COMMERCIAL LEASES
856 4 0 _uhttps://www.mondaq.com
_zView the article free of charge (after registration) at www.mondaq.com...
942 _n0
999 _c80949
_d80949